Same Word, Different Movies II Quiz Stats

 Plays Quiz Updated Oct 8, 2015

Challenge
Share
Tweet
Embed
Score 0/48 Timer 09:00
0 Plays Today
Word Movie % Correct
BlackBlack Swan
87.1%
ShowThe Truman Show
81.7%
GirlGone Girl
81.1%
GoodGood Will Hunting
79.5%
Street21 Jump Street
74.3%
WarWar of the Worlds
70.1%
DeadShaun of the Dead
68.7%
HighHigh Noon
67.2%
LostLost in Translation
67.1%
LostRaiders of the Lost Ark
66.5%
KingThe Last King of Scotland
66.2%
RoadRoad to Perdition
66.1%
DeadDead Poets Society
65.8%
SevenThe Seven Year Itch
63.3%
GirlGirl, Interrupted
62.8%
KingThe Lord of the Rings: The Return of the King
62.5%
WarCharlie Wilson's War
60.5%
HighHigh Fidelity
59.4%
KingKing Kong
58%
GoodAs Good as It Gets
57.5%
BlackMeet Joe Black
57.5%
LostThe Lost Boys
54.9%
DeadDead Man Walking
53.1%
SevenSeven Pounds
50.3%
Word Movie % Correct
StreetA Nightmare on Elm Street
50.3%
RoadRevolutionary Road
48.2%
SevenThe Magnificent Seven
45.3%
ShowBest in Show
43.9%
LostLost in Space
41.6%
GirlThe Girl Next Door
41.4%
RoadRoad Trip
40%
StreetStreet Fighter
39.5%
BlackPitch Black
38.7%
StreetWall Street
37.9%
WarLord of War
36.4%
ShowThe Rocky Horror Picture Show
36.1%
GoodA Few Good Men
35.3%
ShowQuiz Show
31.7%
WarThis Means War
31%
HighHigh Plains Drifter
26.9%
SevenSeven Psychopaths
26.3%
DeadThe Quick and the Dead
26.3%
GoodGood Night, and Good Luck
25.3%
KingThe King of Comedy
24.7%
BlackBlack Snake Moan
24.1%
GirlLars and the Real Girl
23.7%
HighSky High
13.8%
RoadArlington Road
11.4%

You're not logged in!

Compare scores with friends on all Sporcle quizzes.
OR
Log In

You Might Also Like...

Show Comments

Extras

Top Quizzes Today


Score Distribution

Your Account Isn't Verified!

In order to create a playlist on Sporcle, you need to verify the email address you used during registration. Go to your Sporcle Settings to finish the process.

Report this User

Report this user for behavior that violates our Community Guidelines.

Details: